Normal view
MARC view
- Buck, Susan J.
Entry Personal Name
001 - CONTROL NUMBER
- control field: 5692
003 - CONTROL NUMBER IDENTIFIER
- control field: NUST
005 - DATE AND TIME OF LATEST TRANSACTION
- control field: 20171027121304.0
008 - FIXED-LENGTH DATA ELEMENTS
- fixed length control field: 171027|| aca||aabn | a|a d
040 ## - CATALOGING SOURCE
- Original cataloging agency: NUST
- Transcribing agency: NUST
100 ## - HEADING--PERSONAL NAME
- Personal name: Buck, Susan J.
670 ## - SOURCE DATA FOUND
- Source citation: Work cat.: (NUST)0: Cox, Raymond W. 5689, Public administration in theory and practice /, c2011.
